Egemenlik, Avrupa Birliği ve KKTC (Record no. 8099)

MARC details
000 -BAŞLIK
Sabit Uzunlukta Kontrol Alanı 00760na a2200253 4500
001 - KONTROL NUMARASI
Denetim Alanı 15282
003 - KONTROL NUMARASI IDENTIFIER
Denetim Alanı MIRAKIL
005 - SON İŞLEM TARİHİ VE ZAMANI
Denetim Alanı 20181213155200.0
008 - SABİT-BOY VERİ ELEMANLARI - GENEL BİLGİLER
Sabit Uzunlukta Kontrol Alanı 161006b tu 000 0
035 ## - SİSTEM KONTROL NUMARASI
Sistem Kontrol Numarası 15282
040 ## - KATALOGLAMA KAYNAK
Orijinal Kataloglama Ajansı Milas
Kataloglama Dili tur
Metne Dönüştürmek Ajansı TR-AnCHP
041 ## - DİL KODU
Metin / Ses Parça Veya Ayrı Başlığın Dil Kodu tur
082 ## - DEWEY ONLU SINIFLANDIRMA NUMARASI
Sınıflandırma Numarası 327.569304
Ürün Numarası E33 [t.y.]
090 ## - SINIFLAMA NUMARASI
Sınıflama Numarası 327.569304 E33 [t.y.]
245 ## - BAŞLIK TABLOSU
Başlık Egemenlik, Avrupa Birliği ve KKTC
Sorumluluk Tablosu, Vb yayına hazırlayan Çiler Eminer, Gülden İlkman
260 ## - YAYIN, DAĞITIM, VB
Yayın, Dağıtım, Vb Yeri Lefkoşa
Yayıncı, Dağıtıcı, Vs Adı Dışişleri ve Savunma Bakanlığı
Yayın, Dağıtım, Vb Tarihi [t.y.]
300 ## - FİZİKSEL TANIM
Kapsam 104 s.
Boyutlar 21 sm.
650 ## - KONU KATMA GİRİŞ - TOPİKAL DÖNEM
Topikal Süreli Veya Coğrafi Ad Giriş Elemanı Avrupa Birliği
Genel Alt Bölümü KKTC
651 ## - KONU KATMA GİRİŞ - COĞRAFİ ADI
Coğrafi İsim KKTC
Genel Alt Bölümü Uluslararası ilişkiler
Coğrafi Alt Bölümü Avrupa
651 ## - KONU KATMA GİRİŞ - COĞRAFİ ADI
Coğrafi İsim KKTC
Genel Alt Bölümü Siyaset ve yönetim
700 ## - KATMA GİRİŞ - KİŞİSEL İSİM
Kişisel Ad İncirli, Çiler
700 ## - KATMA GİRİŞ - KİŞİSEL İSİM
Kişisel Ad İlkman, Gülden
942 ## - EKLENDİ GİRİŞ ELEMANLARI (KOHA)
Sınıflandırma Veya Raf Düzeni Kaynak Dewey Decimal Classification
Koha Öğesi Türü Books
999 ## - SİSTEM KONTROL NUMARALARI (KOHA)
Koha Biblionumber 8099
Koha Biblioitemnumber 8099
Holdings
Kalıcı Konum Mevcut Konum Edinme Tarihi Edinim Kaynak Toplam Check-Out'Lar Tam Çağrı Numarası Barkod Tarih Son Görülme İtibaren Geçerli Fiyatlar Koha Öğesi Türü
CHP Kütüphanesi CHP Kütüphanesi 09/07/2016 Bağış   327.569304 E33 [t.y.] 003832 09/07/2016 09/07/2016 Books